[Event "World Cup 2007"]
[Site "?"]
[Date "2007.12.01"]
[Round "3.2"]
[White "Carlsen, Magnus"]
[Black "Dominguez, Lenier"]
[Result "1-0"]
[WhiteElo "2714"]
[BlackElo "2683"]
[Annotator "Ëåáåäåâ Âàñèëèé"]
[PlyCount "83"]
[EventDate "2007.12.01"]

{Äàâíî ïîðà áûëî ïîïðèñòàëüíåå ïîíàáëþäàòü çà ñàìûì áûñòðîïðîãðåññèðóþùèì
øàõìàòèñòîì ñîâðåìåííîñòè. Íî ïîâîäà âñ¸ êàê-òî íå áûëî. Íî òåïåðü...} 1. e4 c5
2. Nf3 d6 3. d4 cxd4 4. Nxd4 Nf6 5. Nc3 a6 6. Be2 e5 7. Nb3 Be7 8. Bg5 Be6 9.
Bxf6 Bxf6 10. Qd3 Bg5 $5 {Ïî-ìîåìó, âïîëíå ïåðñïåêòèâíîå íàïðàâëåíèå. Íåñìîòðÿ
íà ðåçóëüòàò ýòîé è äðóãèõ ïðèìåðíûõ ïàðòèé.} (10... Nc6 $145) (10... Qc7 {
Gutman}) 11. Rd1 ({
Áåëûìè ïðåäïðèíèìàëèñü çäåñü è äðóãèå ïîïûòêè. Íî ïîëó÷àëîñü íå î÷åíü...} 11.
g3 Nc6 12. h4 Bh6 13. Nd5 Rc8 14. c3 Ne7 15. g4 Bxd5 16. exd5 Bf4 17. Nd2 Bxd2+
18. Qxd2 Ng6 19. h5 Nf4 20. O-O-O Rc5 21. Bf3 h6 22. Kb1 Qg5 23. Qc2 b5 24. Qe4
a5 25. Rdg1 O-O 26. Bd1 b4 27. Bc2 Rfc8 28. Rd1 bxc3 29. b3 Kf8 30. Rhe1 Rb8
31. Qh7 Ke7 32. Qe4 Rb4 33. Qh7 Rxd5 34. Qg8 Rxd1+ 35. Rxd1 Rd4 36. Qc8 Rxd1+
37. Bxd1 Ne6 38. Qxc3 Qf4 39. Qxa5 Qxf2 40. Qc3 Qf1 41. Kc1 e4 42. a4 d5 43. b4
d4 44. Qc6 Qe1 45. a5 d3 46. Qc4 Qe3+ 47. Kb1 Qd2 48. Bb3 e3 49. Qb5 e2 50.
Qb7+ Kf6 51. Qf3+ Qf4 {(0-1 Dembo,Y (2461) - Lujan,M (2346)/Ekaterinburg 2006).
}) (11. h4 Bxh4 12. Rd1 Bg5 13. Qxd6 Qxd6 14. Rxd6 Nd7 15. Rd1 Rc8 16. O-O O-O
17. g3 Bd8 18. Kg2 Nc5 19. f4 exf4 20. gxf4 Re8 21. e5 Nxb3 22. cxb3 g6 23. Bf3
Rc7 24. Rf2 Be7 25. Ne4 Kg7 26. Kg3 Rec8 27. Bg4 Bxg4 28. Kxg4 Rd8 29. Rxd8
Bxd8 30. Rd2 h5+ 31. Kh3 Be7 32. a3 Kf8 33. Nc3 Ke8 34. Kg3 Rc6 35. Kf3 Bxa3
36. Nd5 Be7 37. Re2 Kd7 38. Rd2 Ke6 39. f5+ gxf5 40. Nf4+ Kxe5 41. Rd5+ Kf6 42.
Nxh5+ Kg5 43. Ng3 Rb6 44. Nxf5 Rxb3+ 45. Ke4 Kf6 46. Nxe7 Rb4+ 47. Kf3 Kxe7 48.
Rd2 Ke6 49. Ke3 Ke5 50. Kf3 Rb3+ 51. Kf2 f5 52. Ke2 Kf4 53. Kf2 Kg4 54. Kg2 f4
55. Rc2 Rg3+ 56. Kf2 Rh3 57. Kg1 Rh5 58. Rc7 Rb5 59. Rc2 Kg3 60. Rc3+ f3 61. b3
Ra5 62. Rc1 Ra2 63. Rb1 Rg2+ {
(0-1 Sengupta,D (2420) - Zhou Jianchao (2522)/Yerevan 2006).}) 11... Nc6 {
Æåðòâà ïåøêè, êîòîðóþ ïðèíèìàòü íå ñòîèò.} 12. a3 $146 {
Îòâåðãàÿ äàð (äàíàéñêèé?), è ñîáëàçíÿÿ ïðîòèâíèêà íà «î÷åâèäíûé» ðàçìåí.} (
12. Qxd6 Qxd6 13. Rxd6 Ke7 14. Rd1 Nb4 15. Bd3 ({ñâåðõîðèãèíàëüíîå} 15. Na1 {
äî äîáðà áåëûõ íå äîâåëî, Ñêàæó áîëüøå, äî êîíöà èãðû êîíü òàê è íå ñìîã
âûáðàòüñÿ èç äîáðîâîëüíîé ññûëêè!} Rhd8 16. a3 Rxd1+ 17. Nxd1 Nc6 18. Ne3 Rd8
19. Bd3 b5 20. O-O g6 21. Re1 Na5 22. Kf1 Nc4 23. Bxc4 bxc4 24. Ke2 f5 25. b3
Bxe3 26. fxe3 c3 27. Rd1 Rxd1 28. Kxd1 a5 29. Ke2 fxe4 30. Kf2 Kf6 31. Kf1 Kg5
32. Kf2 h5 33. Kg1 Bd7 34. Kf2 Kg4 35. Kg1 h4 36. Kf2 Bc6 37. h3+ Kf5 38. Kf1
g5 39. Kg1 g4 40. Kh2 Kg5 41. Kg1 Bd7 42. Kh2 Be6 43. b4 a4 44. hxg4 Kxg4 45.
b5 Bc8 46. b6 Bb7 47. Kg1 Kg3 48. Kf1 Kh2 49. Kf2 Ba6 {0-1 Maslak,K (2529) -
Smikovski,I (2538)/Moscow 2006. Ïîäðîáíîñòè - ñì. âîò òóò: https://www.chesspro.
ru/events2/0603.shtml}) 15... Rac8 16. O-O Rhd8 17. g3 Bh3 18. Rfe1 Bg4 19. Be2
Be6 20. h4 Bh6 $44 {
- 1-0 Thinius,M (2387)-Naiditsch,A (2576)/Hoeckendorf 2004 (46)}) 12... Bxb3 {
Ìîæåò, ñ ýòèì ñòîèëî ïîâðåìåíèòü?} ({È çàñëóæèâàåò âíèìàíèÿ} 12... O-O $5 13.
O-O ({áèòü ïî-ïðåæíåìó íå ñ ðóêè -} 13. Qxd6 Nd4 14. Qxe5 Nxc2+ 15. Kf1 Bf6 $44
) 13... Qb6 (13... Na5 $5) 14. Nd5 Qd8 $5 {
Íó ëàäíî, ðàçìåíÿíî, çíà÷èò, ðàçìåíÿíî.}) 13. cxb3 Nd4 {
Ïî èíîìó îò òÿæåëîôèãóðíîé áàòàðåè íå çàùèòèøüñÿ.} 14. b4 {
Òåïåðü ãîëîâà áåëûõ íàñ÷¸ò çàùèòû ýòîãî ïåõîòèíöà áîëåòü íå áóäåò.} ({
Íî, êàæåòñÿ, ìîæíî áûëî ñòîëü íåáîëüøóþ ìèãðåíü è ïîòåðïåòü. Òî åñòü} 14. O-O
$5 Nxb3 $140 15. Nb5 $1 {
ïîñëå ÷åãî ÷¸ðíûå ïîëó÷àþò ïîçèöèþ áåç ìàëåéøåãî íàì¸êà íà êîíòðèãðó -}
axb5 16. Qxb3 O-O 17. Rd5 {è ò.ä.}) 14... Rc8 (14... Nxe2 {
òóò, íàâåðíîå, è âòîðîðàçðÿäíèê óæå íå ñûãðàåò. ;)}) 15. O-O O-O {
«Ëàäüè ñîåäèíåíû - äåáþò çàêîí÷åí» (Ãóôåëüä)} 16. Bg4 Rc6 17. g3 {
Èíîãî ïëàíà ó áåëûõ òóò íå íàáëþäàåòñÿ.} g6 18. f4 {Äâèíóëè.} Bh6 19. Rf2 $1 ({
Âòîðæåíèå â öåíòðå} 19. Nd5 {âñòðå÷àëîñü «ïîëóôëàíãîâûì» óäàðîì -} f5 $1)
19... Bg7 ({À âîò òåïåðü} 19... f5 {îêàçûâàëîñü íåòî÷íîñòüþ ââèäó} 20. fxe5
$1 dxe5 $140 21. exf5 gxf5 ({èëè} 21... Qg5 22. Bf3 Nxf3+ 23. Rxf3 Rxf5 24.
Rxf5 Qxf5 25. Qd8+ Qf8 ({íî íå} 25... Bf8 $4 26. Rf1 $18) 26. Qd5+ {è ò.ä.})
22. Rxf5 $1 $16 {Êîíü-òî ñâÿçàí!}) 20. f5 $1 {Î, òîëüêî ÷òî â ãîëîâó ïðèø¸ë
àôîðèçì - «êòî ïåðâûì âõîäèò â ïåøå÷íûé «ñòûê», òîãî è èíèöèàòèâà»! ;)} Qg5
21. Bh3 Bh6 {Åäèíñòâåííàÿ äèàãîíàëü íà êîòîðîé ÷¸ðíûé ñëîí ìîæåò ÷óâñòâîâàòü
ñåáÿ... ý-ý... ÷åëîâåêîì.} 22. Re1 {
Õîä, íè÷åãî íå çåâàþùèé; õîä, âñ¸ óêðåïëÿþùèé...} ({Íàïðàøèâàþùååñÿ} 22.
Nd5 {îòêðûâàëî äîðîãó ðàçìåíàì -} Rc1 {, ÷òî áûëî íà ðóêó ÷¸ðíûì.}) 22... b5
{Ýòîò è ñëåäóþùèé õîä êóáèíñêîãî øàõìàòèñòà, êîòîðûìè è áûëà ïðîèãðàíà ïàðòèÿ,
ÿ íå î÷åíü-òî ïîíÿë. Íåóæåëè îí ìå÷òàë çäåñü îá êîíòðèãðå íà ôåðçåâîì
ôëàíãå?} 23. Kg2 {Íèêóäà íå òîðîïÿñü, óñèëèâàÿ ïîçèöèþ...} Ra8 $2 {
Ðåøàþùàÿ îøèáêà!} 24. fxg6 $1 hxg6 ({Ïðèìåðíî ê òîìó æå âåä¸ò è} 24... fxg6)
25. Bd7 $1 Rc4 (25... Rc7 26. Nd5 $1 {
, è ÷¸ðíûå ïðîèãðûâàþò, êàê ìèíèìóì, êà÷åñòâî.}) 26. b3 $1 {
Äóìàþ, è ýòî áûëî íåîæèäàííûì äëÿ Äîìèíãåñà.} Rc7 ({Íà} 26... Nxb3 {
ñëåäîâàë ñèìïàòè÷íåéøèé «õðÿñü» -} 27. Nxb5 $1 {
Âïðî÷åì, äàâàéòå äîáü¸ìñÿ ïîëíîé ÿñíîñòè -} Nd2 (27... axb5 28. Qxb3 Rb8 29.
Bxb5 $1) 28. Qd5 $1 Rf8 29. Nxd6 {Õîäû áåëûõ î÷åâèäíû íàïðàøèâàþòñÿ.} Rd4 30.
Qc6 $8 Kg7 {è â ñëó÷àå «ïðèêàí÷èâàþùåãî»} 31. Be6 {
÷¸ðíûå âíåçàïíî ñïàñàþòñÿ! À èìåííî -} Nf3 $3 {×óäî-õîä! Ñóïåðõîä!} 32. Ref1
(32. Rxf3 Rd2+ 33. Kg1 Qh5) (32. Kxf3 Qf6+ 33. Nf5+ gxf5 34. Bd5 fxe4+ {
, è ó ÷¸ðíûõ «íå õóæå»}) 32... fxe6 33. Qd7+ Kg8 $1 ({íî íå} 33... Kh8 34.
Nf7+) {È ïîëó÷àåòñÿ íè÷üÿ -} 34. Qxe6+ ({èëè} 34. Rxf3 Rd2+ 35. R1f2 Rxf2+
36. Rxf2 Rxf2+ 37. Kxf2 Qe3+ {è ò.ä.}) 34... Kg7 35. Rxf3 Rxf3 36. Rxf3 Rd2+ {
ñ âå÷íûì øàõîì. Íàïðèìåð, òàêèì âîò -} 37. Kf1 Rd1+ 38. Kg2 Rd2+ {è ò.ä.}) ({
Òàê, äàâàéòå ñìîòðåòü âíèìàòåëüíî. Íåóæåëè} 26... Nxb3 {ñïàñàëî?} 27. Nxb5 $1
Nd2 $1 {È ïîïðîáóåì âñ¸ æå åù¸ ðàç ïîëåçòü ôåðç¸ì âïåð¸ä -} 28. Qd5 ({
çàïàñ êàðìàí íå ëîìèò, ïîýòîìó «çàñëóæèâàåò âíèìàíèÿ} 28. h4 {»}) 28... Rf8
29. Nxd6 Rd4 30. Qc6 Kg7 $5 {Ýòî ìû óæå ïðîõîäèëè. À âîò òåïåðü} 31. Ne8+ ({
- íà âñÿêèé ñëó÷àé} 31. Be8 $5) 31... Kh8 (31... Kg8 32. Nf6+ Kh8 33. h4 $18)
32. Nf6 {Ãðîçèì âûèãðàòü ôåðçÿ ïóò¸ì h2-h4.} Bg7 33. h4 Qh6 34. Qxa6 {
Äâå ëèøíèå ïåøêè... Ïî-ìîåìó, âïîëíå äîñòàòî÷íî.} Nc4 35. Ng4 Qh5 ({
ñìåøíî âûãëÿäèò} 35... Qh7 36. h5 $1 Ne3+ (36... Rxd7 37. h6 $1) (36... gxh5
37. Bf5 Qg8 38. Rh1 $18) 37. Nxe3 Rxd7 38. h6 $1) 36. Nh2 $1 {è ò.ä.}) 27. Nd5
$16 Rc1 ({Åäèíñòâåííûé, íî, äóìàåòñÿ, ñëàáûé øàíñ çàêëþ÷àëñÿ â} 27... Qd8 28.
Nxc7 Qxc7 29. Bg4 {è ò.ä., ãîòîâÿñü ê çàòÿæíîé îáîðîíå è äîëãîìó ñòðàäàíèþ.})
28. h4 Rxe1 ({Èëè} 28... Qd8 29. Rxc1 Bxc1 30. Qf1 $1 {è ÷òîáû íå ñõëîïîòàòü
ïî ôèçèè, ÷¸ðíîìó êîðîëþ íàäî äàâàòü êîìàíäó íà ñàìîïîæåðòâîâàíèå -} Bf4 31.
gxf4 {, ÷òî, êîíå÷íî æå, ñïàñòè èõ íå ñìîæåò.}) 29. hxg5 $18 {
Ëèøíèé ôåðçü + Ìàãíóñ Êàðëñåí - óáîéíàÿ ñèëà!} Bxg5 30. Bg4 Ra1 31. a4 Kg7 32.
Nc3 Ra3 33. axb5 axb5 34. Nxb5 Nxb5 35. Qxb5 Be3 36. Rf1 {
Ãäå-òî çäåñü ÷¸ðíûì ïîðà áûëî áû ñäàòüñÿ.} Ra2+ 37. Be2 R8a7 38. Kh3 Ra8 39.
Bc4 Rh8+ 40. Kg4 Rh5 41. Rxf7+ Kh6 42. Qd7 1-0

[Event "World Cup 2007"]
[Site "?"]
[Date "2007.12.01"]
[Round "3.2"]
[White "Onischuk, Alexander"]
[Black "Shirov, Alexei"]
[Result "0-1"]
[WhiteElo "2674"]
[BlackElo "2739"]
[Annotator "Ëåáåäåâ Âàñèëèé"]
[PlyCount "84"]
[EventDate "2007.12.01"]

{Áåçóñëîâíî  ýòî - ëó÷øàÿ ïàðòèÿ äíÿ. Ê òîìó æå, ÷èñòî «øèðîâñêàÿ». ;)} 1.
d4 d5 2. c4 e6 3. Nc3 c6 4. Nf3 dxc4 5. e3 b5 6. a4 Bb4 7. Bd2 a5 8. axb5 Bxc3
9. Bxc3 cxb5 10. b3 Bb7 11. bxc4 b4 12. Bb2 Nf6 13. Bd3 O-O 14. O-O Nbd7 15.
Re1 Ne4 16. Qc2 f5 17. c5 Qc7 18. Bb5 (18. Bc4 $145) 18... Bd5 {Àëåêñåé Øèðîâ
âèäèò «òîëüêî» êîðîëÿ ïðîòèâíèêà, è îñòàâëÿÿ ñâîåãî ñëîíà «ðåíòãåíèòü»
ïîçèöèþ ðîêèðîâêó êîðîëÿ ïðîòèâíèêà.. È ýòî õîðîøî! ;)} ({
Ðàíåå âñ¸ áîëüøå èãðàëè} 18... Bc6 {
, ïåðåíîñÿ òÿæåñòü áîðüáû íà ôåðçåâûé ôëàíã.} 19. Ba4 Bxa4 20. Qxa4 Rfc8 21.
Ra2 (21. Rec1 Qc6 22. Qxc6 Rxc6 23. Ra4 e5 24. Rca1 Rca6 25. Kf1 g5 26. Ke2 Kf7
27. Nd2 Nxd2 28. Kxd2 Ke6 29. Kd3 Kd5 30. f3 e4+ 31. fxe4+ fxe4+ 32. Kc2 Kc4
33. Bc3 Nb8 34. Bd2 Nc6 35. Rf1 Ne7 36. Rf7 Nd5 37. h3 Rg6 {
0-1 Haufe,W (2463) - Gutsche,D (2460)/ICCF Email 2002/MegaCorr4}) 21... Ra6 22.
Rea1 Rca8 23. Ne1 Nef6 24. Qb5 Nb8 25. Nd3 Nc6 26. Ra4 Qd7 27. f3 g5 28. e4
R6a7 29. Qc4 fxe4 30. Ne5 Nxe5 31. dxe5 Nd5 32. c6 Qc8 33. Bd4 Rc7 34. Rc1 Ra6
35. Qe2 Raxc6 36. Rf1 Rc1 37. Qxe4 Rxf1+ 38. Kxf1 Rc1+ 39. Kf2 Qc2+ 40. Qxc2
Rxc2+ 41. Ke1 {(0-1 Vaisser,A (2564) - Bacrot,E (2592)/Besancon 1999)}) ({
À âîò ýòà ïàðòèÿ ïðèìåðîì èãðû ÷¸ðíûõ ñëóæèòü íå ìîæåò -} 18... Ndf6 19. Ne5
Bd5 20. f3 Nd6 21. Ba4 Rfc8 22. Rac1 Qb7 23. Qd3 Nf7 24. Nc4 Bc6 25. Ra1 Bb5
26. Qb3 Nd7 27. Ra2 Bxa4 28. Rxa4 Qb5 29. Rea1 Rxc5 30. dxc5 Nxc5 31. Rxa5 {
(1-0 San Segundo Carrillo,P (2508) - Nielsen,P (2585)/Ohrid 2001)} ({
åù¸ êðó÷å áûëî âûèãðàòü ïóò¸ì} 31. Qxb4 $1)) 19. Qe2 $146 {
Òîëüêî ýòîò õîä îêàçûâàåòñÿ íîâèíêîé.} ({
Õîòÿ «îãðûçîê» ïîëíîöåííîé âñòðå÷è -} 19. Rec1 Ndf6 20. h3 {(1/2 Rogozenko,
D (2562) - Apicella,M (2509)/Bucharest 2000). ïàðòèåé-ïðåäøåñòâåííèöåé ïî
áîëüøîìó ñ÷¸òó ñ÷èòàòüñÿ âðÿä ëè ìîæåò...}) ({Åñëè} 19. Nd2 {, òî} Nxd2 20.
Qxd2 Rf6 $36) 19... Ndf6 20. h3 {Ïîëå g4 íàäî áû ïðèêðûòü. Èíà÷å êîíü,
ïîïàâøèé íà íåãî áóäåò èçðÿäíî «íåðâèðîâàòü» áåëîãî êîðîëÿ.} g5 $1 {
Ïåøêè, âïåð¸ä!} ({Ïîêà ÷¸ðíûå ïîäòÿãèâàþò ñèëû äëÿ íàíåñåíèÿ ðåøàþùåãî
óäàðà, ïðîëàìûâàþùåãî îáîðîíó ïðîòèâíèêà, ìû îáÿçàíû ðàññìîòðåòü ðåçêîå} 20...
Ng4 $5 21. hxg4 ({ïðèíèìàòü æåðòâó íàäî; ïëîõî} 21. Rf1 Nc3 $1 {è ò.ä.}) 21...
fxg4 22. Ne5 Rxf2 {«Âûèãðûâàÿ» ôåðçÿ. Ãì-ì... Ñìîòðèì äàëüøå.} 23. Qxf2 Nxf2
24. Kxf2 Bb3 $5 ({ïîïûòêà ïðîäîëæèòü àòàêó} 24... Qe7 {
íàòàëêèâàåòñÿ íà äîñòîéíûé îòâåò -} 25. Kg3 $1 {
, íå ïóñêàÿ ôåðçÿ íà h4, ïî ìåíüøåé ìåðå, ñ ðàâíîé è îáîþäîîñòðîé èãðîé}) 25.
Kg3 ({íî íå} 25. Nxg4 $2 Rf8+ 26. Kg1 Qg3 $19) 25... a4 $13) 21. Ne5 g4 $36 22.
hxg4 {Âñêðûâàÿ ëèíèè, ÷òî ÿâíî íå ñïîñîáñòâóåì ñïîêîéñòâèþ ñîáñòâåííîãî
êîðîëÿ. Íî ÷òî òóò ìîæíî ïðåäëîæèòü èíîãî?} ({Ïîïðîáóåì âñòðå÷íîå} 22. f3
gxf3 23. gxf3 Ng5 {È ïîêîé áåëûì òóò áóäåò òîëüêî ñíèòüñÿ...} 24. h4 (24. Kh2
$4 Nxf3+) (24. Qg2 Kh8 $1) {
È, ïî âñåé âèäèìîñòè, íàäî ïðîäîëæàòü â «øèðîâñêîì» ;) äóõå} 24... Nxf3+ $1 (
24... Nf7 $5) 25. Nxf3 Kh8 $1 {
Íåñïåøíî ãîòîâÿ ââîä â èãðó ðåçåðâà ãëàâíîãî êîìàíäîâàíèÿ. È åñëè} 26. Ne5 ({
èëè} 26. e4 $5 Rg8+ ({ñëàáåå} 26... Bxe4 27. d5 $1 $13) 27. Ng5 Nxe4 28. Qh2 $8
Qb7 29. Bd3 h6 $40 {è ò.ä.}) {, òî} 26... Rg8+ 27. Kf1 Ng4 $1 $40 {
È åäèíñòâåííîé çàùèòîé îò ìíîãèõ óãðîç êàæåòñÿ ýôôåêòíîå} 28. Bc6 $5 {
Íî íà ÷òî ñëåäóåò} Nxe5 $1 ({õóæå} 28... Bxc6 29. Nxg4 $1 ({ñëàáåå áóäåò} 29.
d5 Nxe5 30. dxc6 Rg3 $1 $17) 29... Rxg4 30. d5+ Kg8 31. dxc6 a4 {
, âïðî÷åì, è çäåñü áåëûì ïðèä¸òñÿ îòáèâàòüñÿ.}) 29. Bxd5 Ng4 30. Bg2 $8 Qg3
$17 {È èùèòå òóò çàùèòó çà áåëûõ ñàìè! Â îáùåì, ìû åù¸ ðàç óáåäèëèñü, ÷òî
âñêðûòèå ëèíèé äëÿ àòàêè ïðîòèâíèêà äî äîáðà íå äîâîäèò.}) ({
Çíà÷èò, ïîïðîáóåì íå âñêðûâàòüñÿ -} 22. h4 $5 g3 23. f3 Nf2 24. Rf1 {
À ÷òî, èäåÿ! Îòäàäèì ëàäüþ çà êîíÿ, ïðèõâàòèì ïî ïóòè ïåøå÷êó, ãëÿäèøü è
îòîáü¸ìñÿ.} Qg7 $1 ({
òîò æå çàìûñåë, íî â èíîì èñïîëíåíèè íå ñòîëü ñèë¸í. À èìåííî -} 24... Qe7 25.
Rxf2 Ng4 26. fxg4 Qxh4 27. Nf3 $1 {
È äàëüøå - áîëüøå! Óæå áåëûå ïåðåõâàòûâàþò èíèöèàòèâó!} gxf2+ (27... Bxf3 28.
gxf3 $1 $16) 28. Kf1 $1 Bxf3 29. gxf3 fxg4 30. f4 {
È áåëàÿ ïåøêà «ãîðäî» ïðîõîäèò ìèìî!} g3 31. Qf3 Ra7 32. d5 $1 {è ò.ä.}) 25.
Rxf2 Qh6 $1 {Êàê ãîâîðèòñÿ, ñ íåäâóñìûñëåííûìè óãðîçàìè.} 26. Qe1 ({
«îòä¸ðíóòüñÿ» ïóò¸ì} 26. Rff1 {íåëüçÿ -} Qxh4 {ñ ìàòîì}) 26... Qxh4 {
Îòñåëü ãðîçèòü ìû áóäåì ìàòîì!} 27. Rc2 Ng4 $1 {
Îïÿòü æåðòâà, îïÿòü â âîçäóõå ïàõíåò ðàçãðîìîì...}) 22... fxg4 {À òåïåðü ïîçèöè
ÿ áåëûõ òîëüêî è «æä¸ò» óäîáíîãî ïîâîäà, ÷òîáû ñ òðåñêîì ðàçâàëèòüñÿ.
Ñïàñòè å¸ ïðîòèâ Àëåêñåÿ Øèðîâà áåëêîâîìó ÷åëîâåêà, äóìàåòñÿ, íå
ïðåäñòàâëÿåòñÿ âîçìîæíûì....} 23. Nd3 {À ÷òî åù¸?} ({
Âîò ÿ òóò, ñ «ðûáíîé» ïîäà÷è, ïîïðîáîâàë} 23. f3 $5 {
è ïîïàë ïîä ðàçäà÷ó ëþëåé -} Ng3 24. Qd3 (24. Qf2 Nfe4 $1) ({èëè} 24. Qc2 b3
25. Qd3 gxf3 26. gxf3 Qg7 $19 {Òî áèøü -} 27. Qd2 Ne2+ $1 28. Kf1 Ne4 $1 {
ñ ðàçãðîìîì}) 24... Qg7 25. e4 $140 gxf3 $1 26. exd5 ({
è ðàçìåí ôåðçåé íå ñïàñ¸ò îò àòàêè, â ëþáîé ìîìåíò ìîãóùåé îêàçàòüñÿ ìàòîâîé -
} 26. Qxf3 Nfxe4 27. Qg4 Qxg4 28. Nxg4 Rf4 29. Nh2 (29. Ne5 Rh4 $19) 29... Rf2
{è ò.ä.}) 26... f2+ $1 27. Kxf2 Nfe4+ 28. Kg1 Qh6 $19) 23... Qg7 24. Nf4 Qh6
$19 {Äóìàåòñÿ, ÷òî ýòî íà ñàìîì äåëå òàê!} 25. Rf1 ({Èëè} 25. Nxd5 exd5 {
è g4-g4-+. À åñëè} 26. g3 {, òî} Ng5 {ñ òåì æå ðåçóëüòàòîì}) ({Èëè æå} 25. Qc2
g3 26. fxg3 Ng4 27. Nh3 Rf2 $1 $19) 25... g3 $1 {
Ôèíàëüíàÿ êîìáèíàöèÿ äîâîëüíî ñèìïàòè÷íà.} 26. Nh3 gxf2+ 27. Rxf2 (27. Nxf2
Ng3 28. Qd1 Nfe4 $19) 27... Nxf2 28. Nxf2 Bxg2 $1 {
Âîò ñëîí è «äîðåíòãåíèëñÿ»!} 29. Kxg2 Ra7 $3 {Âêðàä÷èâàÿ òî÷êà!} 30. Rh1 (
30. Kf1 Ne4 31. Qg4+ Qg6 $19) 30... Qg6+ ({Íåìíîæêî ñèëüíåå áûëî} 30... Qg5+
31. Kf1 Ng4) 31. Kf1 Ng4 32. Be8 $5 {
Ýòîò ñëîí, êàê ýòî íè ñòðàííî, îñòàíåòñÿ â æèâûõ!} Qb1+ 33. Kg2 Rxf2+ {
Ôèíàëüíûå àêêîðäû.} 34. Qxf2 Qxh1+ $1 35. Kxh1 Nxf2+ 36. Kg2 Nd1 37. Bc1 b3 38.
e4 b2 39. Bxb2 Nxb2 40. Bb5 a4 41. d5 exd5 42. exd5 a3 {È êîãäà ñòðàñòè
óëåãëèñü, è ðàññåÿëñÿ öåéòíîòíûé òóìàí áåëûå ñäàëèñü. Áëåñòÿùàÿ ïîáåäà Àëåêñåÿ
Øèðîâà! È äàæå íå î÷åíü-òî ïîíÿòíî ãäå áåëûå äîïóñòèëè îøèáêó! Ïîñëå 20-ãî
õîäà ÷¸ðíûõ íàñêîëüêî ÿ ïîíÿë, èãðà ïîøëà â îäíè âîðîòà.} 0-1